000 00381nam a22001697a 4500
999 _c11596
_d11596
003 OSt
008 221201b ||||| |||| 00| 0 eng d
020 _a9780141186887
082 _a823 ACT
100 _aACHEBE, Chinua
245 _aThings Fall Apart
250 _a1st
260 _aEngland
_bPenguin Books Ltd.
_c2001
300 _a151
650 _aEnglish
942 _2ddc
_cBK